Statistics for The Masters

Click here to take the quiz!

General Stats

  • This quiz has been taken 3,389 times
    (2,732 since last reset)
  • The average score is 44 of 81

Answer Stats

YearPlayer% Correct
1945CANCELLED - WWII
100%
1943CANCELLED - WWII
100%
1944CANCELLED - WWII
100%
2001Tiger Woods
91%
1997Tiger Woods
91%
2002Tiger Woods
91%
2005Tiger Woods
91%
2014Bubba Watson
88%
2012Bubba Watson
88%
1941Craig Wood
86%
2010Phil Mickelson
86%
2006Phil Mickelson
86%
2004Phil Mickelson
86%
1958Arnold Palmer
85%
1960Arnold Palmer
85%
1962Arnold Palmer
85%
1964Arnold Palmer
85%
1986Jack Nicklaus
85%
1963Jack Nicklaus
85%
1965Jack Nicklaus
85%
1966Jack Nicklaus
85%
1972Jack Nicklaus
85%
1975Jack Nicklaus
85%
1977Tom Watson
82%
1981Tom Watson
82%
1961Gary Player
73%
1978Gary Player
73%
1974Gary Player
73%
1989Nick Faldo
69%
1996Nick Faldo
69%
1990Nick Faldo
69%
2013Adam Scott
68%
2007Zach Johnson
57%
2009Ángel Cabrera
56%
1953Ben Hogan
56%
1951Ben Hogan
56%
2000Vijay Singh
56%
1980Seve Ballesteros
54%
1983Seve Ballesteros
54%
1992Fred Couples
51%
1949Sam Snead
51%
1952Sam Snead
51%
1954Sam Snead
51%
2011Charl Schwartzel
50%
2003Mike Weir
49%
1994José María Olazábal
48%
1999José María Olazábal
48%
1993Bernhard Langer
45%
1985Bernhard Langer
45%
2008Trevor Immelman
44%
1995Ben Crenshaw
43%
1984Ben Crenshaw
43%
1991Ian Woosnam
43%
1988Sandy Lyle
43%
1998Mark O'Meara
42%
1987Larry Mize
39%
1979Fuzzy Zoeller
35%
1937Byron Nelson
31%
1942Byron Nelson
31%
1982Craig Stadler
31%
1935Gene Sarazen
31%
1976Raymond Floyd
30%
1934Horton Smith
27%
1936Horton Smith
27%
1970Billy Casper
23%
1950Jimmy Demaret
20%
1947Jimmy Demaret
20%
1940Jimmy Demaret
20%
1955Cary Middlecoff
16%
1971Charles Coody
16%
1968Bob Goalby
15%
1973Tommy Aaron
15%
1967Gay Brewer
14%
1969George Archer
14%
1956Jack Burke, Jr.
14%
1957Doug Ford
13%
1959Art Wall, Jr.
12%
1948Claude Harmon
12%
1946Herman Keiser
8%
1939Ralph Guldahl
8%
1938Henry Picard
7%

Score Distribution

Percentile by Number Answered

Percent of People with Each Score

Your Score History

You have not taken this quiz since the last reset